[Event "IECC CL4-2002.24"]
[Site "IECC email"]
[Date "2002.08.17"]
[Round "?"]
[White "Pierro, Sergio"]
[Black "Bako, Thomas"]
[Result "1-0"]
[WhiteElo "1660"]
[BlackElo "1642"]
[PlyCount "53"]
[EventDate "2002.??.??"]
[EventType "tourn (corr)"]
[EventRounds "4"]
[SourceTitle "Corr 2008"]
[Source "ChessBase"]
[SourceDate "2008.06.24"]
[SourceVersion "1"]
[SourceVersionDate "2008.06.24"]
[SourceQuality "1"]

1. c4 c5 2. g3 Nc6 3. Bg2 Nf6 4. Nc3 e6 5. Nf3 d5 6. cxd5 exd5 7. d4 Qb6 8. e3 Bg4 9. 0-0 Be7 10. dxc5 Qxc5 11. Qb3 Qb4 12. Qc2 d4 13. Nxd4 Nxd4 14. exd4 Rd8 15. Be3 0-0 16. a3 Qb6 17. Rac1 Rd7 18. Rfe1 Rfd8 19. d5 Qa5 20. Qb3 b6 21. Bf4 Bc5 22. Qc4 Bd6 23. Bg5 Qc5 24. Qa4 Qa5 25. Qd4 Bc5 26. Qc4 Bxf2+ 27. Kxf2 1-0

[Event "IECC CL4-2002.02"]
[Site "IECC email"]
[Date "2002.01.25"]
[Round "?"]
[White "Pierro, Sergio"]
[Black "Williams, Derek"]
[Result "1/2-1/2"]
[WhiteElo "1701"]
[BlackElo "1626"]
[PlyCount "87"]
[EventDate "2002.??.??"]
[EventType "tourn (corr)"]
[EventRounds "4"]
[SourceTitle "Corr 2008"]
[Source "ChessBase"]
[SourceDate "2008.06.24"]
[SourceVersion "1"]
[SourceVersionDate "2008.06.24"]
[SourceQuality "1"]

1. c4 e5 2. g3 Nf6 3. Bg2 d5 4. cxd5 Nxd5 5. Nf3 Nc6 6. 0-0 Be6 7. d4 exd4 8. Nxd4 Nxd4 9. Qxd4 Qd7 10. Nc3 c5 11. Qe5 Nxc3 12. Qxc3 Rd8 13. Be3 b6 14. Rfe1 f6 15. b3 Be7 16. a4 0-0 17. Rac1 Bd6 18. Red1 Qf7 19. Rb1 Be5 20. Qc2 Rxd1+ 21. Qxd1 f5 22. f4 Bf6 23. Bf2 Rd8 24. Qc2 Bd5 25. e4 fxe4 26. Bxe4 Bxe4 27. Qxe4 g6 28. a5 Rd2 29. axb6 axb6 30. Qc6 Bd8 31. Qe4 Kg7 32. Be1 Ra2 33. Bc3+ Bf6 34. Bxf6+ Qxf6 35. b4 cxb4 36. Rxb4 Kh6 37. Rb1 Qd6 38. f5 Qc5+ 39. Kh1 Qf2 40. Qh4+ Kg7 41. Qe7+ Kh6 42. Qh4+ Kg7 43. Qe7+ Kh6 44. Qh4+ 1/2-1/2

[Event "IECC CL4-2001.27"]
[Site "IECC email"]
[Date "2001.07.14"]
[Round "?"]
[White "Pierro, Sergio"]
[Black "Martin, Dennis"]
[Result "1/2-1/2"]
[WhiteElo "1707"]
[BlackElo "1749"]
[PlyCount "57"]
[EventDate "2001.??.??"]
[EventType "tourn (corr)"]
[EventRounds "4"]
[SourceTitle "Corr 2008"]
[Source "ChessBase"]
[SourceDate "2008.06.24"]
[SourceVersion "1"]
[SourceVersionDate "2008.06.24"]
[SourceQuality "1"]

1. c4 e5 2. g3 Nf6 3. Bg2 d5 4. cxd5 Nxd5 5. Nf3 Nc6 6. 0-0 e4 7. Ne1 Bf5 8. d3 Nf6 9. Nc3 Bb4 10. Bg5 Bxc3 11. bxc3 0-0 12. Bxf6 Qxf6 13. dxe4 Bg6 14. Qb3 Rae8 15. f3 Na5 16. Qb4 b6 17. Nd3 Rd8 18. Rfd1 c5 19. Qa3 Nc4 20. Qc1 Rfe8 21. a4 Na5 22. Qc2 Nc4 23. Qc1 Na5 24. Qc2 Nc4 25. Qc1 a6 26. Rb1 Qc6 27. Ra1 Qf6 28. Rb1 Qc6 29. Ra1 1/2-1/2

[Event "IECC CL4-2001.16"]
[Site "IECC email"]
[Date "2001.05.29"]
[Round "?"]
[White "Pierro, Sergio"]
[Black "McDonald, Graham R"]
[Result "1-0"]
[WhiteElo "1703"]
[BlackElo "1839"]
[PlyCount "75"]
[EventDate "2001.??.??"]
[EventType "tourn (corr)"]
[EventRounds "4"]
[SourceTitle "Corr 2008"]
[Source "ChessBase"]
[SourceDate "2008.06.24"]
[SourceVersion "1"]
[SourceVersionDate "2008.06.24"]
[SourceQuality "1"]

1. c4 e5 2. g3 f5 3. Bg2 Nf6 4. d4 Bb4+ 5. Bd2 Bxd2+ 6. Qxd2 d6 7. Nc3 0-0 8. e3 c6 9. f3 Be6 10. d5 cxd5 11. cxd5 Bd7 12. Nge2 a5 13. 0-0 Na6 14. f4 e4 15. Nd4 Nc7 16. Rfd1 Kh8 17. Nc2 b5 18. a3 Rb8 19. b4 axb4 20. Nxb4 Rb6 21. Bf1 h5 22. h4 Ng4 23. Qd4 Rb7 24. Be2 Rf6 25. Bxg4 Rg6 26. Kh2 Rxg4 27. Rd2 Na8 28. Nd1 Nb6 29. Rc2 Nc4 30. Nb2 Nxb2 31. Qxb2 Qb6 32. Rc3 Rc7 33. Rac1 Rxc3 34. Rxc3 Qd8 35. Kh3 Qf6 36. Rc2 Qg6 37. Rg2 Qe8 38. Qc3 1-0

[Event "IECC CL4-2001.16"]
[Site "IECC email"]
[Date "2001.05.29"]
[Round "?"]
[White "Pierro, Sergio"]
[Black "Sylvan, Kayvan A"]
[Result "0-1"]
[WhiteElo "1726"]
[BlackElo "1637"]
[PlyCount "68"]
[EventDate "2001.??.??"]
[EventType "tourn (corr)"]
[EventRounds "4"]
[SourceTitle "Corr 2008"]
[Source "ChessBase"]
[SourceDate "2008.06.24"]
[SourceVersion "1"]
[SourceVersionDate "2008.06.24"]
[SourceQuality "1"]

1. c4 Nc6 2. g3 e5 3. Bg2 g6 4. Nc3 Bg7 5. e4 Nf6 6. Nge2 0-0 7. 0-0 d6 8. f4 Be6 9. d3 Qd7 10. Kh1 Rfe8 11. Be3 Ng4 12. Bg1 Nd4 13. Qd2 c6 14. Rab1 Rad8 15. Nxd4 exd4 16. Ne2 c5 17. b4 b6 18. a4 Qxa4 19. b5 Qa5 20. Qb2 Ne3 21. Ra1 Qb4 22. Qxb4 cxb4 23. Rfb1 Re7 24. Bf3 f5 25. Ra2 fxe4 26. Bxe4 Bxc4 27. dxc4 Rxe4 28. Bxe3 Rxe3 29. Rd1 d5 30. cxd5 b3 31. Rad2 Rxd5 32. Nc1 Rxb5 33. Nd3 a5 34. Ra1 a4 0-1

[Event "IECC M email"]
[Site "IECC email"]
[Date "2001.05.18"]
[Round "?"]
[White "Martin, Dennis"]
[Black "Pierro, Sergio"]
[Result "1-0"]
[WhiteElo "1706"]
[BlackElo "1723"]
[PlyCount "75"]
[EventDate "2001.??.??"]
[EventType "tourn (corr)"]
[EventRounds "6"]
[SourceTitle "Corr 2008"]
[Source "ChessBase"]
[SourceDate "2008.06.24"]
[SourceVersion "1"]
[SourceVersionDate "2008.06.24"]
[SourceQuality "1"]

1. e4 c6 2. d4 d5 3. Nc3 dxe4 4. Nxe4 Bf5 5. Qf3 Bxe4 6. Qxe4 Nf6 7. Qd3 Nbd7 8. Bd2 e6 9. 0-0-0 Qc7 10. Be2 0-0-0 11. Nf3 Bd6 12. Rhe1 h6 13. h3 e5 14. dxe5 Nxe5 15. Qf5+ Ned7 16. Bc4 Rhf8 17. Kb1 Kb8 18. Ba5 b6 19. Bc3 Kb7 20. Nd2 g6 21. Qf3 Ng8 22. Ne4 Be5 23. Bb4 f5 24. Nd6+ Kb8 25. Nf7 c5 26. Bxc5 Nxc5 27. Nxd8 Rxd8 28. Rxd8+ Qxd8 29. Rxe5 Nf6 30. Re1 Nfe4 31. Qf4+ Kb7 32. Be2 h5 33. Rd1 Qe7 34. Bc4 Nf6 35. f3 Ncd7 36. Bb5 a6 37. Bxd7 Nxd7 38. Qd6 1-0

[Event "IECC M email"]
[Site "IECC email"]
[Date "2001.02.27"]
[Round "?"]
[White "Pierro, Sergio"]
[Black "London, Andrew"]
[Result "1-0"]
[WhiteElo "1707"]
[BlackElo "1588"]
[PlyCount "46"]
[EventDate "2001.??.??"]
[EventType "tourn (corr)"]
[EventRounds "6"]
[SourceTitle "Corr 2008"]
[Source "ChessBase"]
[SourceDate "2008.06.24"]
[SourceVersion "1"]
[SourceVersionDate "2008.06.24"]
[SourceQuality "1"]

1. c4 c5 2. g3 g6 3. Bg2 Bg7 4. Nc3 Nc6 5. a3 Nf6 6. Rb1 d6 7. b4 e6 8. e3 0-0 9. Nge2 Qc7 10. 0-0 Rd8 11. d4 Rb8 12. Qb3 b6 13. Rd1 cxb4 14. axb4 Bb7 15. Bb2 a6 16. Nf4 Ne7 17. f3 Rdc8 18. Na4 Qxc4 19. Qxc4 Rxc4 20. Nxb6 Rc6 21. Na4 Ned5 22. Nxd5 Nxd5 23. Bc1 Rbc8 1-0

[Event "IECC Y2KO email"]
[Site "IECC email"]
[Date "2000.10.26"]
[Round "?"]
[White "Kamaluddin, Yusof"]
[Black "Pierro, Sergio"]
[Result "1/2-1/2"]
[WhiteElo "2110"]
[BlackElo "1700"]
[PlyCount "51"]
[EventDate "2000.??.??"]
[EventType "tourn (corr)"]
[EventRounds "2"]
[SourceTitle "Corr 2008"]
[Source "ChessBase"]
[SourceDate "2008.06.24"]
[SourceVersion "1"]
[SourceVersionDate "2008.06.24"]
[SourceQuality "1"]

1. e4 c6 2. d3 d5 3. Nd2 g6 4. g3 Bg7 5. Bg2 e5 6. Ngf3 Ne7 7. 0-0 0-0 8. Re1 d4 9. Nf1 c5 10. h3 Nbc6 11. a3 b5 12. a4 b4 13. b3 h6 14. N1h2 Be6 15. Ng4 Kh7 16. Qd2 Ng8 17. Ngh2 Qd7 18. g4 g5 19. Nf1 Nge7 20. Ng3 Ng6 21. Nf5 Nf4 22. Bf1 Rh8 23. Qd1 Bf6 24. Kh2 Rae8 25. Bxf4 exf4 26. Be2 1/2-1/2

[Event "IECC M email"]
[Site "IECC email"]
[Date "2000.09.19"]
[Round "?"]
[White "Pierro, Sergio"]
[Black "Horbach, Frank"]
[Result "0-1"]
[WhiteElo "1783"]
[BlackElo "1671"]
[PlyCount "50"]
[EventDate "2000.??.??"]
[EventType "tourn (corr)"]
[EventRounds "2"]
[SourceTitle "Corr 2008"]
[Source "ChessBase"]
[SourceDate "2008.06.24"]
[SourceVersion "1"]
[SourceVersionDate "2008.06.24"]
[SourceQuality "1"]

1. c4 e5 2. g3 Nf6 3. Bg2 Bc5 4. Nc3 Nc6 5. a3 d6 6. e3 0-0 7. b4 Bb6 8. Na4 Be6 9. d3 e4 10. Bb2 exd3 11. Qxd3 a5 12. Nf3 axb4 13. Nxb6 cxb6 14. axb4 Nxb4 15. Qb3 Rxa1+ 16. Bxa1 Nc6 17. Nd2 Ne5 18. 0-0 Qc7 19. Rb1 Nfd7 20. Qb2 f6 21. Rc1 Nd3 22. Qc3 Nxc1 23. Qxc1 b5 24. Qb2 Ra8 25. cxb5 Qa5 0-1

[Event "IECC M email"]
[Site "IECC email"]
[Date "2000.06.30"]
[Round "?"]
[White "Pierro, Sergio"]
[Black "Loof, Kent"]
[Result "1/2-1/2"]
[WhiteElo "1728"]
[BlackElo "1600"]
[PlyCount "82"]
[EventDate "2000.??.??"]
[EventType "tourn (corr)"]
[EventRounds "2"]
[SourceTitle "Corr 2008"]
[Source "ChessBase"]
[SourceDate "2008.06.24"]
[SourceVersion "1"]
[SourceVersionDate "2008.06.24"]
[SourceQuality "1"]

1. Nf3 Nf6 2. c4 g6 3. b4 Bg7 4. Bb2 0-0 5. e3 e6 6. d4 Qe7 7. Qb3 d5 8. Nc3 Rd8 9. Bd3 Nc6 10. a3 b6 11. cxd5 exd5 12. 0-0 a6 13. Rfc1 Rd6 14. a4 Rd7 15. Ba3 Qe6 16. Qb2 Bb7 17. b5 Na5 18. bxa6 Bxa6 19. Bxa6 Rxa6 20. Ne5 Rd8 21. Qb5 Raa8 22. Rab1 Ne8 23. Nf3 Nc4 24. Qb3 Rac8 25. Nd1 c5 26. dxc5 bxc5 27. Qa2 Ned6 28. Bb2 Nxb2 29. Nxb2 Ne4 30. Nd1 Qa6 31. Rc2 Ra8 32. Rbc1 Qxa4 33. Qxa4 Rxa4 34. Nd2 Nxd2 35. Rxd2 c4 36. g3 f5 37. Nc3 Ra5 38. Ne2 Rc5 39. Nd4 Kf7 40. h4 Rd7 41. Kg2 Bxd4 1/2-1/2

[Event "IECC M email"]
[Site "IECC email"]
[Date "2000.06.04"]
[Round "?"]
[White "Bass, Stanley"]
[Black "Pierro, Sergio"]
[Result "1-0"]
[WhiteElo "1824"]
[BlackElo "1804"]
[PlyCount "69"]
[EventDate "2000.??.??"]
[EventType "tourn (corr)"]
[EventRounds "2"]
[SourceTitle "Corr 2008"]
[Source "ChessBase"]
[SourceDate "2008.06.24"]
[SourceVersion "1"]
[SourceVersionDate "2008.06.24"]
[SourceQuality "1"]

1. d4 Nf6 2. c4 e6 3. Nc3 Bb4 4. Bd2 0-0 5. a3 Bxc3 6. Bxc3 Ne4 7. Rc1 f5 8. e3 b6 9. Bd3 Bb7 10. Bxe4 Bxe4 11. Nf3 d6 12. 0-0 Nd7 13. b4 c5 14. dxc5 dxc5 15. Qd6 Bxf3 16. Qxe6+ Kh8 17. gxf3 Qg5+ 18. Kh1 Qh5 19. Bxg7+ Kxg7 20. Qxd7+ Kh8 21. Qd5 Rae8 22. Rg1 Qf7 23. bxc5 Qxd5 24. cxd5 bxc5 25. Rxc5 Rf6 26. Rgc1 Ra6 27. Rc8 Rxc8 28. Rxc8+ Kg7 29. e4 Rxa3 30. e5 Rd3 31. d6 Kf7 32. Rc7+ Kf8 33. Rxh7 Ke8 34. Rxa7 f4 35. h4 1-0

[Event "IECC M email"]
[Site "IECC email"]
[Date "2000.05.15"]
[Round "?"]
[White "Shook, Ray"]
[Black "Pierro, Sergio"]
[Result "0-1"]
[WhiteElo "1646"]
[BlackElo "1794"]
[PlyCount "102"]
[EventDate "2000.??.??"]
[EventType "tourn (corr)"]
[EventRounds "2"]
[SourceTitle "Corr 2008"]
[Source "ChessBase"]
[SourceDate "2008.06.24"]
[SourceVersion "1"]
[SourceVersionDate "2008.06.24"]
[SourceQuality "1"]

1. e4 c6 2. d4 d5 3. Nc3 dxe4 4. Nxe4 Bf5 5. Bd3 Qxd4 6. Ne2 Qd8 7. 0-0 Bxe4 8. Bxe4 Qxd1 9. Rxd1 Nf6 10. Bf3 Nbd7 11. Bf4 e6 12. a3 Be7 13. b4 e5 14. Be3 e4 15. Bxe4 Nxe4 16. Bd4 Nef6 17. Ng3 0-0 18. c4 Rfe8 19. Rab1 Bf8 20. Rb3 b5 21. cxb5 cxb5 22. Rbd3 a5 23. bxa5 Rxa5 24. Bb2 Rea8 25. Rxd7 Nxd7 26. Rxd7 Bxa3 27. Bxa3 Rxa3 28. Rb7 Ra1+ 29. Nf1 Rb1 30. g3 g6 31. Kg2 Rc8 32. Nd2 Rb2 33. Ne4 Rcc2 34. Kf3 b4 35. Ke3 b3 36. Kd3 Rxf2 37. Nxf2 Rxf2 38. Ke3 Rxh2 39. Rxb3 h5 40. Rb4 Kg7 41. Kf3 g5 42. Rb5 Kg6 43. Rb6+ f6 44. Rb1 g4+ 45. Ke4 f5+ 46. Ke5 Rg2 47. Rb3 Kg5 48. Rb7 Rxg3 49. Rg7+ Kh4 50. Kxf5 Rf3+ 51. Ke4 Rf1 0-1

[Event "IECC M email"]
[Site "IECC email"]
[Date "1999.12.14"]
[Round "?"]
[White "Pierro, Sergio"]
[Black "Cashon, John J"]
[Result "0-1"]
[WhiteElo "1734"]
[BlackElo "1946"]
[PlyCount "54"]
[EventDate "1999.??.??"]
[EventType "tourn (corr)"]
[EventRounds "6"]
[SourceTitle "Corr 2008"]
[Source "ChessBase"]
[SourceDate "2008.06.24"]
[SourceVersion "1"]
[SourceVersionDate "2008.06.24"]
[SourceQuality "1"]

1. Nf3 c5 2. c4 g6 3. g3 Bg7 4. Bg2 Nc6 5. Nc3 e6 6. e3 Nge7 7. d4 b6 8. 0-0 d5 9. cxd5 exd5 10. dxc5 bxc5 11. Qd2 0-0 12. Rd1 Qc7 13. b3 Bg4 14. h3 Bxf3 15. Bxf3 Rad8 16. Bb2 d4 17. Na4 Nf5 18. exd4 Nfxd4 19. Bxd4 Nxd4 20. Qd3 c4 21. Rac1 cxd3 22. Rxc7 Nxf3+ 23. Kg2 Ng5 24. Rxa7 Rfe8 25. h4 Ne4 26. f3 Nxg3 27. Kxg3 d2 0-1

[Event "IECC M email"]
[Site "IECC email"]
[Date "1999.12.07"]
[Round "?"]
[White "Pierro, Sergio"]
[Black "Athens, Jim"]
[Result "1/2-1/2"]
[WhiteElo "1709"]
[BlackElo "1730"]
[PlyCount "128"]
[EventDate "1999.??.??"]
[EventType "tourn (corr)"]
[EventRounds "6"]
[SourceTitle "Corr 2008"]
[Source "ChessBase"]
[SourceDate "2008.06.24"]
[SourceVersion "1"]
[SourceVersionDate "2008.06.24"]
[SourceQuality "1"]

1. Nf3 Nf6 2. c4 c6 3. g3 d5 4. b3 Bg4 5. Bg2 e6 6. Bb2 Be7 7. 0-0 0-0 8. d3 Nbd7 9. Nbd2 Qc7 10. Qc2 Rfe8 11. a3 Rad8 12. cxd5 exd5 13. e3 Bh5 14. Rfc1 h6 15. b4 Bg6 16. Nb3 Qb6 17. Bd4 Qa6 18. Ne1 Bd6 19. Bf1 Be5 20. Qc3 Bxd4 21. Qxd4 Qb6 22. Qc3 Bh5 23. a4 a6 24. Rab1 Bg6 25. Nd4 Qc7 26. Nb3 Bf5 27. Rb2 Qd6 28. Nc5 Nxc5 29. bxc5 Qd7 30. Qb4 Re7 31. Nc2 Bh3 32. Qf4 Bxf1 33. Rxf1 Qh3 34. Qf3 Ng4 35. Qg2 Qxg2+ 36. Kxg2 Ne5 37. Rb3 Rdd7 38. Rfb1 f5 39. Nd4 g6 40. Rc3 Kf7 41. h3 Kf6 42. f4 Nf7 43. Kf2 Nd8 44. Nf3 Ne6 45. d4 g5 46. Ne5 Rc7 47. Rcb3 Rg7 48. R3b2 Rce7 49. Nd3 gxf4 50. gxf4 h5 51. Rh1 Nf8 52. Rbb1 h4 53. Ne5 Ng6 54. Rbg1 a5 55. Nf3 Rc7 56. Rb1 Rce7 57. Rhg1 Rc7 58. Nd2 Rc8 59. Rb6 Ra8 60. Rgb1 Ra7 61. R1b2 Re7 62. Nb1 Nf8 63. Nc3 Kf7 64. Rb1 Rc7 1/2-1/2

[Event "IECC M email"]
[Site "IECC email"]
[Date "1999.11.30"]
[Round "?"]
[White "Souply, Yves"]
[Black "Pierro, Sergio"]
[Result "1-0"]
[WhiteElo "1647"]
[BlackElo "1722"]
[PlyCount "81"]
[EventDate "1999.??.??"]
[EventType "tourn (corr)"]
[EventRounds "6"]
[SourceTitle "Corr 2008"]
[Source "ChessBase"]
[SourceDate "2008.06.24"]
[SourceVersion "1"]
[SourceVersionDate "2008.06.24"]
[SourceQuality "1"]

1. d4 Nf6 2. c4 e6 3. g3 Bb4+ 4. Bd2 Bxd2+ 5. Qxd2 d5 6. Bg2 0-0 7. Nf3 Nbd7 8. 0-0 c6 9. Qc2 b6 10. Nbd2 Bb7 11. Rfc1 Qe7 12. cxd5 Nxd5 13. e4 N5f6 14. e5 Nd5 15. a3 c5 16. dxc5 Nxc5 17. b4 Nd7 18. Qd3 Rfc8 19. Ne4 Rxc1+ 20. Rxc1 f6 21. exf6 N7xf6 22. Ne5 Rd8 23. Qb1 Nxe4 24. Bxe4 Nf6 25. Bxb7 Qxb7 26. Qc2 Qd5 27. Re1 a5 28. Qc7 Qd2 29. Rb1 axb4 30. Qxb6 Rd6 31. Qxb4 Qxb4 32. axb4 Rb6 33. b5 Nd5 34. Nc4 Rb7 35. b6 Kf8 36. Kg2 Ke7 37. f4 Kd7 38. Kf3 Nf6 39. Ra1 Ne8 40. Ra8 h6 41. Rxe8 1-0

[Event "IECC M email"]
[Site "IECC email"]
[Date "1999.11.06"]
[Round "?"]
[White "Robinson, Neil"]
[Black "Pierro, Sergio"]
[Result "1-0"]
[WhiteElo "1801"]
[BlackElo "1721"]
[PlyCount "85"]
[EventDate "1999.??.??"]
[EventType "tourn (corr)"]
[EventRounds "6"]
[SourceTitle "Corr 2008"]
[Source "ChessBase"]
[SourceDate "2008.06.24"]
[SourceVersion "1"]
[SourceVersionDate "2008.06.24"]
[SourceQuality "1"]

1. d4 Nf6 2. c4 e6 3. Nc3 Bb4 4. a3 Bxc3+ 5. bxc3 c5 6. e3 Nc6 7. Bd3 0-0 8. Nf3 b6 9. 0-0 Ba6 10. Qe2 d6 11. d5 Na5 12. e4 Nb3 13. Rb1 Nxc1 14. Rfxc1 e5 15. Bc2 Qe8 16. a4 Bc8 17. a5 Qd8 18. Ba4 Bd7 19. Bxd7 Nxd7 20. axb6 axb6 21. Ra1 Qc7 22. Qb2 Ra7 23. Rxa7 Qxa7 24. Ra1 Qb7 25. Qa3 Rb8 26. Qa7 g6 27. Nd2 Kg7 28. Qa4 Nf6 29. f3 Ne8 30. Rb1 Kf8 31. Kf2 Ra8 32. Qc6 Qxc6 33. dxc6 Ra6 34. Nf1 Ke7 35. Ne3 Ng7 36. Nd5+ Kd8 37. Ke3 Ne6 38. g3 g5 39. h4 Kc8 40. hxg5 Nd8 41. Rh1 Nxc6 42. Rxh7 Nd8 43. f4 1-0

[Event "IECC M email"]
[Site "IECC email"]
[Date "1999.10.13"]
[Round "?"]
[White "Pierro, Sergio"]
[Black "Dooms, Stefan"]
[Result "1-0"]
[WhiteElo "1700"]
[BlackElo "1738"]
[PlyCount "59"]
[EventDate "1999.??.??"]
[EventType "tourn (corr)"]
[EventRounds "6"]
[SourceTitle "Corr 2008"]
[Source "ChessBase"]
[SourceDate "2008.06.24"]
[SourceVersion "1"]
[SourceVersionDate "2008.06.24"]
[SourceQuality "1"]

1. Nf3 d5 2. c4 c6 3. b3 Bf5 4. Bb2 e6 5. g3 Nd7 6. Bg2 Ngf6 7. 0-0 Bd6 8. d3 h6 9. Nbd2 0-0 10. cxd5 cxd5 11. e4 Bg4 12. Qe1 dxe4 13. dxe4 Bb4 14. a3 Ba5 15. b4 Bb6 16. Nc4 Rc8 17. Nxb6 Nxb6 18. Ne5 Nc4 19. Nxc4 Rxc4 20. Qe3 b6 21. f3 Bh5 22. Rfd1 Qe7 23. Rd2 Rd8 24. Rad1 Rcc8 25. g4 Bg6 26. Bf1 Ne8 27. Ba6 Rxd2 28. Qxd2 Rc6 29. Qd8 Kf8 30. Bxg7+ 1-0

[Event "IECC M email"]
[Site "IECC email"]
[Date "1999.09.29"]
[Round "?"]
[White "Athens, Jim"]
[Black "Pierro, Sergio"]
[Result "1/2-1/2"]
[WhiteElo "1680"]
[BlackElo "1700"]
[PlyCount "114"]
[EventDate "1999.??.??"]
[EventType "tourn (corr)"]
[EventRounds "6"]
[SourceTitle "Corr 2008"]
[Source "ChessBase"]
[SourceDate "2008.06.24"]
[SourceVersion "1"]
[SourceVersionDate "2008.06.24"]
[SourceQuality "1"]

1. Nf3 Nf6 2. d4 e6 3. c4 Bb4+ 4. Nbd2 d5 5. a3 Be7 6. e3 0-0 7. Bd3 Nbd7 8. 0-0 c5 9. b3 b6 10. Bb2 Bb7 11. Qc2 cxd4 12. exd4 Rc8 13. Rac1 dxc4 14. bxc4 Re8 15. Ne5 g6 16. Ndf3 Bf8 17. Rfe1 Bg7 18. Ng5 Nxe5 19. dxe5 Nd7 20. f4 Nc5 21. Red1 Qc7 22. Be4 Ba6 23. Bd3 Red8 24. Be2 Bf8 25. Rxd8 Rxd8 26. Rd1 Be7 27. Rxd8+ Qxd8 28. Nf3 Qd7 29. Nd4 Na4 30. Nb5 Bxb5 31. cxb5 Nxb2 32. Qxb2 Bc5+ 33. Kh1 Qd5 34. Qc1 Qe4 35. Bf3 Qd3 36. Qd1 Qxb5 37. a4 Qb4 38. g3 b5 39. axb5 Qxb5 40. Qe2 Qb4 41. Qe4 Qd2 42. Qe2 Qd4 43. Qd1 Qf2 44. Bc6 Kg7 45. Bb5 h5 46. Qf1 Qe3 47. Ba6 h4 48. Kg2 hxg3 49. hxg3 Bd4 50. Qd1 Qf2+ 51. Kh3 Bc5 52. Qd8 Qg1 53. Qf6+ Kg8 54. Qd8+ Bf8 55. Qa8 Kg7 56. Qg2 Qd1 57. Qf1 Qd4 1/2-1/2

[Event "IECC M email"]
[Site "IECC email"]
[Date "1999.09.19"]
[Round "?"]
[White "Pierro, Sergio"]
[Black "Santos, Karlo"]
[Result "1-0"]
[WhiteElo "1700"]
[BlackElo "1615"]
[PlyCount "27"]
[EventDate "1999.??.??"]
[EventType "tourn (corr)"]
[EventRounds "6"]
[SourceTitle "Corr 2008"]
[Source "ChessBase"]
[SourceDate "2008.06.24"]
[SourceVersion "1"]
[SourceVersionDate "2008.06.24"]
[SourceQuality "1"]

1. Nf3 Nf6 2. c4 g6 3. b4 Bg7 4. Bb2 d6 5. e3 Bg4 6. Be2 0-0 7. 0-0 b5 8. cxb5 a6 9. d4 Bxf3 10. Bxf3 d5 11. Nc3 e6 12. Qb3 Nbd7 13. bxa6 Nb6 14. Be2 1-0

[Event "IECC M email"]
[Site "IECC email"]
[Date "1999.02.27"]
[Round "?"]
[White "Magalhaes, Joao Flavio"]
[Black "Pierro, Sergio"]
[Result "0-1"]
[WhiteElo "1550"]
[BlackElo "1653"]
[PlyCount "150"]
[EventDate "1999.??.??"]
[EventType "tourn (corr)"]
[EventRounds "6"]
[SourceTitle "Corr 2008"]
[Source "ChessBase"]
[SourceDate "2008.06.24"]
[SourceVersion "1"]
[SourceVersionDate "2008.06.24"]
[SourceQuality "1"]

1. e4 c6 2. Nf3 d5 3. Nc3 Bg4 4. d4 e6 5. Bf4 Nd7 6. h3 Bxf3 7. Qxf3 dxe4 8. Nxe4 Ndf6 9. 0-0-0 Nxe4 10. Qxe4 Nf6 11. Qe5 Be7 12. Bc4 Qd7 13. Rhe1 Rd8 14. Qg5 0-0 15. Be5 h6 16. Qg3 Bd6 17. Bd3 Qe7 18. Rd2 Bxe5 19. dxe5 Nd5 20. Red1 Nb4 21. Kb1 b5 22. Qf3 a5 23. Qe4 Nxd3 24. cxd3 Rd5 25. Rc2 c5 26. Rdc1 Rc8 27. Qe3 Qc7 28. f4 Qd7 29. Qe2 a4 30. Rc3 b4 31. Rc4 Rxd3 32. Rxc5 Rxc5 33. Rxc5 Qd4 34. Rc8+ Kh7 35. Kc1 b3 36. axb3 axb3 37. Qf1 Rd2 38. Rc3 g6 39. Rxb3 Rf2 40. Qd3 Qxf4+ 41. Qe3 Qc4+ 42. Kb1 Qf1+ 43. Ka2 Qxg2 44. Qd4 Rd2 45. Qf4 Rd7 46. Rg3 Qd5+ 47. Kb1 Ra7 48. Ra3 Qd1+ 49. Ka2 Qd5+ 50. Kb1 Rb7 51. Qf3 Qxf3 52. Rxf3 g5 53. Kc2 Kg6 54. b3 Rb5 55. Re3 h5 56. Kc3 g4 57. hxg4 hxg4 58. Re2 Kg5 59. b4 g3 60. Kc4 Rb7 61. b5 Kf4 62. Re1 g2 63. Kc5 Kf3 64. Rb1 Kf2 65. Kc6 Rb8 66. b6 g1Q 67. Rxg1 Kxg1 68. Kc7 Rf8 69. b7 Kf2 70. b8Q Rxb8 71. Kxb8 Ke3 72. Kc7 Kd4 73. Kd6 Ke4 74. Ke7 Kxe5 75. Kxf7 Kf5 0-1

[Event "IECC O email"]
[Site "IECC email"]
[Date "1999.01.13"]
[Round "?"]
[White "Pierro, Sergio"]
[Black "Groenendijk, Ronald"]
[Result "0-1"]
[WhiteElo "1669"]
[BlackElo "1810"]
[PlyCount "56"]
[EventDate "1999.??.??"]
[EventType "tourn (corr)"]
[EventRounds "6"]
[SourceTitle "Corr 2008"]
[Source "ChessBase"]
[SourceDate "2008.06.24"]
[SourceVersion "1"]
[SourceVersionDate "2008.06.24"]
[SourceQuality "1"]

1. c4 Nf6 2. g3 e6 3. Nf3 a6 4. Nc3 d5 5. cxd5 exd5 6. Bg2 Bc5 7. d4 Be7 8. 0-0 0-0 9. Bg5 Re8 10. Bxf6 Bxf6 11. b4 Bf5 12. Qb3 c6 13. a4 Nd7 14. b5 Nb6 15. a5 Nc4 16. b6 Bg4 17. Rfd1 Qd7 18. Qa2 Re7 19. Na4 Rae8 20. Nc5 Qf5 21. Re1 Bxf3 22. e4 Bxd4 23. Nxb7 Bxa1 24. Qxa1 Rxe4 25. Rxe4 Qxe4 26. Bxf3 Qxf3 27. h4 Re2 28. Qf1 Ne3 0-1